000 01015am a2200349a 44500
003 AR-BaBNM
005 20251128211032.0
008 242020s1995 #AR|||||||||||000 | ing||
020 _a0-435-08850-5
040 _cAR-BaBNM
100 1 _aShort, Kathy G.
245 1 0 _aCreating classrooms for authors and inquirers
250 _a2ª ed.
260 _aPortsmouth
_bHeinemann
_c1995
300 _a628 p.
_bil., tablas
500 _aContiene índice alfabético
504 _aContiene referencias bibliográficas p. 591-604
650 4 _aENSENANZA DE LA ESCRITURA
650 4 _aENSEÑANZA DE LA LECTURA
650 4 _aPROCESO DE APRENDIZAJE
650 4 _aINVESTIGACION EN LA CLASE
650 4 _aROL DEL DOCENTE
653 _aENSEÑANZA DE LA LENGUA
653 _aCONTENIDOS CURRICULARES
653 _aESTRATEGIAS DIDACTICAS
653 _aLECTOESCRITURA
653 _aAPRENDIZAJE SIGNIFICATIVO
700 1 _aHarste, Jerome C.
700 1 _aBurke, Carolyn
942 _cBK
998 _craquel
999 _c17979
_d17979